Diccionarios jurídico temáticos : derecho internacional privado /

Guardado en:
Detalles Bibliográficos
Autor principal: Pereznieto Castro, Leonel (autor)
Otros autores: Silva Silva, Jorge Alberto (autor) (autor), Pereznieto Castro, Leonel (dirección) (dirección)
Formato: Libro
Idioma:Español
Publicado: México : Oxford University, 2002, c2002
Colección:(Diccionarios Jurídicos Temáticos. Segunda Serie ; 5)
Temas:
Etiquetas: Agrega una etiqueta
Sin etiquetas, Sé el primero en etiquetar este registro!

MARC

LEADER 00000nam^a2200000^a^4500
001 000136247
005 20250521000000.0
009 20260310095311.91
020 |a 970-613-680-0 
037 |a Acervo ITESO - Biblioteca 
041 |a ESP 
082 |a 340. 03  |b PER V. 5 
100 |a Pereznieto Castro, Leonel  |e (autor) 
240 1 1 |a [Diccionarios jurídico temáticos] 
240 1 1 |a [Diccionario jurídico Harla] 
245 1 0 |a Diccionarios jurídico temáticos :  |b derecho internacional privado /  |c Dir. y presen. de L. Pereznieto Castro ; L. Pereznieto Castro, J.A. Silva Silva. 
264 4 |a México :  |b Oxford University,  |c 2002, c2002 
300 |a VIII, 156 p. 
336 |a texto  |b txt  |2 rdacontenido 
337 |a sin mediación  |b n  |2 rdamedio 
338 |a volumen  |b nc  |2 rdasoporte 
440 1 |a (Diccionarios Jurídicos Temáticos.  |p Segunda Serie ;  |v 5) 
649 |a XX 
650 |a Derecho -  |x Enciclopedias y Diccionarios 
650 |a Derecho Internacional Privado -  |x Enciclopedias y Diccionarios 
650 |a Derecho Positivo -  |x Enciclopedias y Diccionarios 
650 |a Enciclopedias y Diccionarios 
700 |a Silva Silva, Jorge Alberto  |e (autor) 
700 |a Pereznieto Castro, Leonel  |e (dirección) 
910 |a Fondo General 
920 |a Impresos - Libros 
930 |a Obras de Referencia 
905 |a 102 
901 |a 0500064825  |b IT2  |c REF  |u 20250521 
902 |a https://opac.biblio.iteso.mx/vufind/Record/000136247